| 000 | 01755nam0a2200337 4500 | ||
|---|---|---|---|
| 001 | RU\NLR\b_ik\92120 | ||
| 005 | 20260408172843.0 | ||
| 035 | _a(NLR Aleph) 002166170 | ||
| 090 |
_a2591788 _c2591788 |
||
| 100 | _a20021028d2001 u y0rusy50 ca | ||
| 101 | 0 |
_aeng _drus |
|
| 102 | _aRU | ||
| 105 | _ay ||||||||| | ||
| 200 | 1 |
_aAn analog of the Fourier transform associated with a nonlinear one-dimensional Schrödinger equation _fP.E. Zhidkov |
|
| 210 |
_aДубна _cОбъед. ин-т ядер. мсслед. _d2001 |
||
| 215 |
_a22 с. _d22 |
||
| 225 | 1 |
_aОбъединенный институт ядерных исследований, Дубна _vE5-2001-63 |
|
| 300 | _aНа 3-й с. обл.: Аналог преобразования Фурье, связанный с нелинейным одномерным уравнением Шредингера / Жидков П.Е. | ||
| 300 | _aРез. на рус. яз. | ||
| 320 | _aБиблиогр.: с. 22 (9 назв.) | ||
| 517 | 0 | _aАналог преобразования Фурье, связанный с нелинейным одномерным уравнением Шредингера | |
| 606 | 0 |
_aУравнения Шредингера нелинейные _92084051 _3RU\NLR\AUTH\661260128 |
|
| 606 | 0 |
_aШредингера нелинейное уравнение _92186501 _3RU\NLR\AUTH\661314588 |
|
| 606 | 0 |
_aФурье преобразования _92216316 _3RU\NLR\AUTH\661331102 |
|
| 606 |
_aПреобразования (мат.) Фурье _3RU\NLR\AUTH\66725661 _91640904 |
||
| 686 | 1 | _aВ314.1 | |
| 700 | 1 |
_aŽidkov _bP. E. _gPetr Evgen'evič _4070 |
|
| 801 | 0 |
_aRU _bNLR _c20021028 _gPSBO |
|
| 942 | _cBOOK | ||
| 980 | _aNB | ||